| 000 | 00712nam a2200181Ia 4500 | ||
|---|---|---|---|
| 008 | 090123s9999 xx 000 0 und d | ||
| 082 |
_b17144 _a891.463/काकोड |
||
| 100 | _aकाकोडकर चंद्रकांत कल्याणदास | ||
| 245 | _aसर्कस सुंदरी | ||
| 250 | _a1 | ||
| 260 |
_bमनोरमा प्रकाशन _c1989 |
||
| 300 | _a138 | ||
| 600 | _aकाकोडकर चंद्रकांत कल्याणदास | ||
| 630 | _aसर्कस सुंदरी | ||
| 700 | _aकाकोडकर चंद्रकांत कल्याणदास | ||
| 730 | _aसर्कस सुंदरी | ||
| 942 | _cBOOK | ||
| 999 |
_c55204 _d55204 |
||